<?xml version="1.0" encoding="UTF-8"?>
<record
    xmlns:xsi="http://www.w3.org/2001/XMLSchema-instance"
    xsi:schemaLocation="http://www.loc.gov/MARC21/slim http://www.loc.gov/standards/marcxml/schema/MARC21slim.xsd"
    xmlns="http://www.loc.gov/MARC21/slim">

  <leader>00787nam a2200229 i 4500</leader>
  <controlfield tag="001">72496</controlfield>
  <controlfield tag="003">ES-MaACL</controlfield>
  <controlfield tag="005">20250728063123.0</controlfield>
  <controlfield tag="007">t|</controlfield>
  <controlfield tag="008">040901s1915    ag           ||||1| spa d</controlfield>
  <datafield tag="080" ind1=" " ind2=" ">
    <subfield code="a">56:599</subfield>
  </datafield>
  <datafield tag="100" ind1="1" ind2=" ">
    <subfield code="a">Gez, Juan Wenceslao,</subfield>
    <subfield code="d">1865-1932</subfield>
    <subfield code="e">aut</subfield>
    <subfield code="9">56548</subfield>
  </datafield>
  <datafield tag="245" ind1="1" ind2="3">
    <subfield code="a">El mastod&#xF3;n platensis de Corrientes (Mastodon Piryauiense) :</subfield>
    <subfield code="b">conferencia dada en el Teatro Juan de Vera el 10 de diciembre de 1914 / </subfield>
    <subfield code="c">Juan W. Gez</subfield>
  </datafield>
  <datafield tag="250" ind1=" " ind2=" ">
    <subfield code="a">2&#xAA; ed.</subfield>
  </datafield>
  <datafield tag="260" ind1=" " ind2=" ">
    <subfield code="a">Corrientes (Argentina): </subfield>
    <subfield code="b">Imp. del Estado, </subfield>
    <subfield code="c">1915 </subfield>
  </datafield>
  <datafield tag="300" ind1=" " ind2=" ">
    <subfield code="b">ilustraciones</subfield>
  </datafield>
  <datafield tag="650" ind1=" " ind2="7">
    <subfield code="a">Mam&#xED;feros f&#xF3;siles</subfield>
    <subfield code="2">embne</subfield>
    <subfield code="9">241402</subfield>
  </datafield>
  <datafield tag="852" ind1=" " ind2=" ">
    <subfield code="a">ES-MaACL</subfield>
    <subfield code="c">DEPOF</subfield>
    <subfield code="h">Donativo argentino</subfield>
    <subfield code="j">1592-F-16 </subfield>
  </datafield>
  <datafield tag="942" ind1=" " ind2=" ">
    <subfield code="2">udc</subfield>
    <subfield code="c">FOLLETOS</subfield>
    <subfield code="n">0</subfield>
  </datafield>
  <datafield tag="999" ind1=" " ind2=" ">
    <subfield code="c">72496</subfield>
    <subfield code="d">72496</subfield>
  </datafield>
  <datafield tag="952" ind1=" " ind2=" ">
    <subfield code="0">0</subfield>
    <subfield code="1">0</subfield>
    <subfield code="2">udc</subfield>
    <subfield code="4">0</subfield>
    <subfield code="7">0</subfield>
    <subfield code="8">Colecci&#xF3;n_de_folletos</subfield>
    <subfield code="a">ATENEOM</subfield>
    <subfield code="b">ATENEOM</subfield>
    <subfield code="c">DEPOF</subfield>
    <subfield code="d">2008-01-17</subfield>
    <subfield code="e">DONACION</subfield>
    <subfield code="l">0</subfield>
    <subfield code="o">1592-F-16</subfield>
    <subfield code="p">1075896</subfield>
    <subfield code="r">2023-02-23 00:00:00</subfield>
    <subfield code="y">FOLLETOS</subfield>
  </datafield>
</record>
